<?xml version="1.0" encoding="UTF-8"?>
<record
    xmlns:xsi="http://www.w3.org/2001/XMLSchema-instance"
    xsi:schemaLocation="http://www.loc.gov/MARC21/slim http://www.loc.gov/standards/marcxml/schema/MARC21slim.xsd"
    xmlns="http://www.loc.gov/MARC21/slim">

  <leader>00835nam a22002171a 4500</leader>
  <controlfield tag="003">OSt</controlfield>
  <controlfield tag="005">20150408114038.0</controlfield>
  <controlfield tag="008">120522s2010    ua ||||g b    00| 0 ara d</controlfield>
  <datafield tag="020" ind1=" " ind2=" ">
    <subfield code="a">9789774561487</subfield>
  </datafield>
  <datafield tag="040" ind1=" " ind2=" ">
    <subfield code="a">&#x639;&#x645;&#x627;&#x62F;&#x629; &#x634;&#x624;&#x648;&#x646; &#x627;&#x644;&#x645;&#x643;&#x62A;&#x628;&#x627;&#x62A; &#x641;&#x64A; &#x62C;&#x627;&#x645;&#x639;&#x629; &#x627;&#x644;&#x645;&#x62C;&#x645;&#x639;&#x629; </subfield>
  </datafield>
  <datafield tag="082" ind1="0" ind2="4">
    <subfield code="2">21</subfield>
    <subfield code="a">649.1</subfield>
    <subfield code="b">649.1 &#x643; &#x639; &#x639;</subfield>
  </datafield>
  <datafield tag="100" ind1="1" ind2=" ">
    <subfield code="a">&#x639;&#x628;&#x62F; &#x627;&#x644;&#x645;&#x639;&#x637;&#x64A;&#x60C; &#x639;&#x628;&#x62F; &#x627;&#x644;&#x644;&#x647; &#x645;&#x62D;&#x645;&#x62F;</subfield>
    <subfield code="9">14679</subfield>
  </datafield>
  <datafield tag="245" ind1="1" ind2="0">
    <subfield code="a">&#x643;&#x64A;&#x641; &#x646;&#x639;&#x627;&#x644;&#x62C; &#x623;&#x62E;&#x637;&#x627;&#x621; &#x623;&#x628;&#x646;&#x627;&#x626;&#x646;&#x627; /</subfield>
    <subfield code="c">&#x639;&#x628;&#x62F; &#x627;&#x644;&#x644;&#x647; &#x645;&#x62D;&#x645;&#x62F; &#x639;&#x628;&#x62F; &#x627;&#x644;&#x645;&#x639;&#x637;&#x64A;.</subfield>
  </datafield>
  <datafield tag="250" ind1=" " ind2=" ">
    <subfield code="a">&#x637;. 1.</subfield>
  </datafield>
  <datafield tag="260" ind1=" " ind2=" ">
    <subfield code="a">&#x627;&#x644;&#x642;&#x627;&#x647;&#x631;&#x629; :</subfield>
    <subfield code="b">&#x627;&#x644;&#x623;&#x646;&#x62F;&#x644;&#x633; &#x627;&#x644;&#x62C;&#x62F;&#x64A;&#x62F;&#x629; &#x644;&#x644;&#x646;&#x634;&#x631; &#x648;&#x627;&#x644;&#x62A;&#x648;&#x632;&#x64A;&#x639;&#x60C;</subfield>
    <subfield code="c">2010</subfield>
  </datafield>
  <datafield tag="300" ind1=" " ind2=" ">
    <subfield code="a">415 &#x635;. &#x61B;</subfield>
    <subfield code="c">24 &#x633;&#x645;.</subfield>
  </datafield>
  <datafield tag="490" ind1="0" ind2=" ">
    <subfield code="a">&#x623;&#x633;&#x626;&#x644;&#x629; &#x62D;&#x64A;&#x631;&#x62A; &#x627;&#x644;&#x622;&#x628;&#x627;&#x621; &#x61B;</subfield>
    <subfield code="v">1</subfield>
  </datafield>
  <datafield tag="504" ind1=" " ind2=" ">
    <subfield code="a">&#x628;&#x628;&#x644;&#x64A;&#x648;&#x62C;&#x631;&#x627;&#x641;&#x64A;&#x629; : .&#x635;. 395-403.</subfield>
  </datafield>
  <datafield tag="650" ind1=" " ind2="7">
    <subfield code="2">aucsh</subfield>
    <subfield code="a">&#x62A;&#x631;&#x628;&#x64A;&#x629; &#x627;&#x644;&#x623;&#x637;&#x641;&#x627;&#x644;</subfield>
  </datafield>
  <datafield tag="942" ind1=" " ind2=" ">
    <subfield code="2">ddc</subfield>
    <subfield code="c">BOOK</subfield>
  </datafield>
  <datafield tag="999" ind1=" " ind2=" ">
    <subfield code="c">23519</subfield>
    <subfield code="d">258019</subfield>
  </datafield>
  <datafield tag="952" ind1=" " ind2=" ">
    <subfield code="1">0</subfield>
    <subfield code="2">2013-03-10</subfield>
    <subfield code="4">0</subfield>
    <subfield code="7">1</subfield>
    <subfield code="a">649.1 649.1 &#x643; &#x639; &#x639;</subfield>
    <subfield code="c">1</subfield>
    <subfield code="d">2012-05-29</subfield>
    <subfield code="h">CL</subfield>
    <subfield code="i">205368</subfield>
    <subfield code="l">stacks td</subfield>
    <subfield code="m">CL</subfield>
    <subfield code="r">2013-03-10 00:00:00</subfield>
    <subfield code="t">BOOK</subfield>
    <subfield code="w">ddc</subfield>
    <subfield code="y">0</subfield>
  </datafield>
  <datafield tag="952" ind1=" " ind2=" ">
    <subfield code="1">0</subfield>
    <subfield code="2">2013-03-10</subfield>
    <subfield code="4">0</subfield>
    <subfield code="7">0</subfield>
    <subfield code="a">649.1 649.1 &#x643; &#x639; &#x639;</subfield>
    <subfield code="c">2</subfield>
    <subfield code="d">2012-05-29</subfield>
    <subfield code="h">CL</subfield>
    <subfield code="i">205369</subfield>
    <subfield code="l">stacks td</subfield>
    <subfield code="m">CL</subfield>
    <subfield code="q">2015-02-10</subfield>
    <subfield code="r">2015-05-04 00:00:00</subfield>
    <subfield code="t">BOOK</subfield>
    <subfield code="w">ddc</subfield>
    <subfield code="y">1</subfield>
  </datafield>
  <datafield tag="952" ind1=" " ind2=" ">
    <subfield code="1">0</subfield>
    <subfield code="2">2013-03-10</subfield>
    <subfield code="4">0</subfield>
    <subfield code="7">0</subfield>
    <subfield code="a">649.1 649.1 &#x643; &#x639; &#x639;</subfield>
    <subfield code="c">3</subfield>
    <subfield code="d">2012-05-29</subfield>
    <subfield code="h">CL</subfield>
    <subfield code="i">205370</subfield>
    <subfield code="l">stacks td</subfield>
    <subfield code="m">CL</subfield>
    <subfield code="r">2013-03-10 00:00:00</subfield>
    <subfield code="t">BOOK</subfield>
    <subfield code="w">ddc</subfield>
    <subfield code="y">0</subfield>
  </datafield>
  <datafield tag="952" ind1=" " ind2=" ">
    <subfield code="1">0</subfield>
    <subfield code="2">2013-03-10</subfield>
    <subfield code="4">0</subfield>
    <subfield code="7">1</subfield>
    <subfield code="a">649.1 649.1 &#x643; &#x639; &#x639;</subfield>
    <subfield code="c">1</subfield>
    <subfield code="d">2012-05-30</subfield>
    <subfield code="h">EMF</subfield>
    <subfield code="i">206291</subfield>
    <subfield code="l">stack td </subfield>
    <subfield code="m">EMF</subfield>
    <subfield code="r">2013-03-10 00:00:00</subfield>
    <subfield code="t">BOOK</subfield>
    <subfield code="w">ddc</subfield>
    <subfield code="y">0</subfield>
  </datafield>
  <datafield tag="952" ind1=" " ind2=" ">
    <subfield code="1">0</subfield>
    <subfield code="2">2013-03-10</subfield>
    <subfield code="4">0</subfield>
    <subfield code="7">0</subfield>
    <subfield code="a">649.1 649.1 &#x643; &#x639; &#x639;</subfield>
    <subfield code="c">2</subfield>
    <subfield code="d">2012-05-30</subfield>
    <subfield code="h">EMF</subfield>
    <subfield code="i">206290</subfield>
    <subfield code="l">stack td </subfield>
    <subfield code="m">EMF</subfield>
    <subfield code="q">2015-03-05</subfield>
    <subfield code="r">2015-04-26 00:00:00</subfield>
    <subfield code="t">BOOK</subfield>
    <subfield code="w">ddc</subfield>
    <subfield code="y">2</subfield>
  </datafield>
</record>
